000
00308nam a2200121Ia 4500
008
191201s2007 xx 000 0 und d
100
_a
AHUJA,M.L
245
0
_a
Eminent Indians Administrators & Political Thinkers
260
_a
N. Delhi
_b
Rupa and Co
_c
2007
300
_a
108
650
_a
BBA
942
_2
ddc
_c
BK
999
_c
4487
_d
4487